[Event "ODJM C 2023"]
[Site "Willingen GER"]
[Date "2023.06.01"]
[Round "7"]
[White "Meyer, Henry Paul"]
[Black "Bücker, Phil"]
[Result "1-0"]
[Termination "normal"]
[Board "10"]
[WhiteElo "1337"]
[BlackElo "1325"]
[WhiteClock "00:56:32"]
[BlackClock "00:20:34"]
[PlyCount "81"]
[WhiteFideId "34645802"]
[BlackFideId "34623841"]
[EventCountry "GER"]
[EventRounds "9"]
[EventType "swiss"]
[EventDate "2023.05.27"]

1. d4 {[%clk 01:30:57]} {[%emt 00:00:02]} d5 {[%clk 01:30:43]} {[%emt
00:00:18]} 2. c4 {[%clk 01:31:20]} {[%emt 00:00:06]} c6 {[%clk 01:24:55]}
{[%emt 00:06:19]} 3. Nf3 {[%clk 01:31:39]} {[%emt 00:00:10]} e6 {[%clk
01:23:38]} {[%emt 00:01:48]} 4. Nc3 {[%clk 01:29:08]} {[%emt 00:03:00]} f5
{[%clk 01:15:19]} {[%emt 00:08:49]} 5. Bf4 {[%clk 01:28:16]} {[%emt 00:01:22]}
Nf6 {[%clk 01:12:02]} {[%emt 00:03:47]} 6. e3 {[%clk 01:26:28]} {[%emt
00:02:17]} Be7 {[%clk 01:09:29]} {[%emt 00:03:04]} 7. Bd3 {[%clk 01:25:44]}
{[%emt 00:01:14]} Nbd7 {[%clk 01:08:14]} {[%emt 00:01:45]} 8. O-O {[%clk
01:25:03]} {[%emt 00:01:11]} O-O {[%clk 01:00:38]} {[%emt 00:08:06]} 9. Ne5
{[%clk 01:23:03]} {[%emt 00:02:30]} Qe8 {[%clk 00:52:59]} {[%emt 00:08:09]} 10.
cxd5 {[%clk 01:18:13]} {[%emt 00:05:21]} cxd5 {[%clk 00:45:30]} {[%emt
00:07:59]} 11. Nb5 {[%clk 01:11:00]} {[%emt 00:07:41]} Qd8 {[%clk 00:38:20]}
{[%emt 00:07:40]} 12. Rc1 {[%clk 01:05:57]} {[%emt 00:05:34]} Nb6 {[%clk
00:31:12]} {[%emt 00:07:38]} 13. Qb3 {[%emt 00:13:03]} Bd7 {[%clk 00:26:35]}
{[%emt 00:00:01]} 14. a4 {[%clk 00:55:32]} {[%emt 00:03:28]} a6 {[%clk
00:20:57]} {[%emt 00:06:08]} 15. Nc7 {[%clk 00:53:42]} {[%emt 00:02:20]} Rc8
{[%clk 00:20:33]} {[%emt 00:00:54]} 16. Qxb6 {[%clk 00:53:51]} {[%emt
00:00:22]} Rb8 {[%clk 00:16:58]} {[%emt 00:04:05]} 17. Nxd7 {[%clk 00:53:42]}
{[%emt 00:00:38]} Qxd7 {[%clk 00:16:48]} {[%emt 00:00:40]} 18. Qxe6+ {[%clk
00:53:48]} {[%emt 00:00:24]} Qxe6 {[%clk 00:16:53]} {[%emt 00:00:25]} 19. Nxe6
{[%clk 00:54:09]} {[%emt 00:00:09]} Rfc8 {[%clk 00:17:04]} {[%emt 00:00:19]}
20. Bxb8 {[%clk 00:54:05]} {[%emt 00:00:33]} Rxb8 {[%clk 00:17:23]} {[%emt
00:00:12]} 21. Bxf5 {[%clk 00:54:05]} {[%emt 00:00:30]} Kf7 {[%clk 00:16:41]}
{[%emt 00:01:12]} 22. Ng5+ {[%clk 00:53:52]} {[%emt 00:00:42]} Kg8 {[%clk
00:16:59]} {[%emt 00:00:13]} 23. Rc8+ {[%clk 00:53:45]} {[%emt 00:00:36]} Rxc8
{[%clk 00:17:09]} {[%emt 00:00:21]} 24. Bxc8 {[%clk 00:54:09]} {[%emt
00:00:06]} h6 {[%clk 00:17:33]} {[%emt 00:00:07]} 25. Nf3 {[%clk 00:54:02]}
{[%emt 00:00:36]} b5 {[%clk 00:17:04]} {[%emt 00:00:59]} 26. Bxa6 {[%clk
00:54:10]} {[%emt 00:00:22]} bxa4 {[%clk 00:17:28]} {[%emt 00:00:06]} 27. Ra1
{[%clk 00:54:33]} {[%emt 00:00:07]} a3 {[%clk 00:17:04]} {[%emt 00:00:55]} 28.
bxa3 {[%clk 00:54:46]} {[%emt 00:00:16]} Bd8 {[%clk 00:17:20]} {[%emt
00:00:14]} 29. a4 {[%clk 00:54:35]} {[%emt 00:00:42]} Ba5 {[%clk 00:17:43]}
{[%emt 00:00:06]} 30. Ne5 {[%clk 00:54:39]} {[%emt 00:00:26]} Ne8 {[%clk
00:17:30]} {[%emt 00:00:43]} 31. Nc6 {[%clk 00:54:43]} {[%emt 00:00:25]} Bc3
{[%clk 00:17:36]} {[%emt 00:00:25]} 32. Ra2 {[%clk 00:55:03]} {[%emt 00:00:10]}
Nc7 {[%clk 00:17:52]} {[%emt 00:00:14]} 33. Bb5 {[%clk 00:54:55]} {[%emt
00:00:38]} Nxb5 {[%clk 00:18:01]} {[%emt 00:00:21]} 34. axb5 {[%clk 00:55:17]}
{[%emt 00:00:07]} Kf7 {[%clk 00:18:15]} {[%emt 00:00:17]} 35. b6 {[%clk
00:55:25]} {[%emt 00:00:22]} Ke8 {[%clk 00:18:29]} {[%emt 00:00:16]} 36. b7
{[%clk 00:55:45]} {[%emt 00:00:10]} Kd7 {[%clk 00:18:56]} {[%emt 00:00:03]} 37.
b8=Q {[%clk 00:55:59]} {[%emt 00:00:15]} Kxc6 {[%clk 00:19:23]} {[%emt
00:00:04]} 38. Qc8+ {[%clk 00:56:04]} {[%emt 00:00:25]} Kb6 {[%clk 00:19:46]}
{[%emt 00:00:07]} 39. Qxc3 {[%clk 00:56:27]} {[%emt 00:00:07]} Kb5 {[%clk
00:20:10]} {[%emt 00:00:06]} 40. Rb2+ {[%clk 00:56:47]} {[%emt 00:00:10]} Ka4
{[%clk 00:20:34]} {[%emt 00:00:07]} 41. Qb4# {[%clk 00:56:32]} {[%emt
00:00:10]} 1-0

[Event "ODJM C 2023"]
[Site "Willingen GER"]
[Date "2023.06.01"]
[Round "7"]
[White "Ensslen, Jakob"]
[Black "Klockhaus, Daniel"]
[Result "1-0"]
[Termination "normal"]
[Board "11"]
[WhiteElo "1298"]
[BlackElo "1440"]
[WhiteClock "00:03:52"]
[BlackClock "00:05:15"]
[PlyCount "81"]
[WhiteFideId "34640258"]
[BlackFideId "16299132"]
[EventCountry "GER"]
[EventRounds "9"]
[EventType "swiss"]
[EventDate "2023.05.27"]

1. e4 {[%clk 01:30:51]} {[%emt 00:00:08]} c6 {[%clk 01:30:56]} {[%emt
00:00:04]} 2. d4 {[%clk 01:31:16]} {[%emt 00:00:05]} d5 {[%clk 01:31:21]}
{[%emt 00:00:05]} 3. Nc3 {[%clk 01:31:37]} {[%emt 00:00:09]} dxe4 {[%clk
01:31:14]} {[%emt 00:00:37]} 4. Nxe4 {[%clk 01:31:58]} {[%emt 00:00:09]} Bf5
{[%clk 01:31:37]} {[%emt 00:00:07]} 5. Ng3 {[%clk 01:32:06]} {[%emt 00:00:22]}
Bg6 {[%clk 01:31:32]} {[%emt 00:00:35]} 6. N1e2 {[%clk 01:32:07]} {[%emt
00:00:30]} h6 {[%clk 01:31:02]} {[%emt 00:00:59]} 7. Nf4 {[%clk 01:30:57]}
{[%emt 00:01:40]} Bh7 {[%clk 01:28:42]} {[%emt 00:02:50]} 8. Bc4 {[%clk
01:13:22]} {[%emt 00:18:05]} Nf6 {[%clk 01:19:03]} {[%emt 00:10:09]} 9. O-O
{[%clk 01:09:22]} {[%emt 00:04:30]} e6 {[%clk 01:17:14]} {[%emt 00:02:20]} 10.
Re1 {[%clk 01:06:07]} {[%emt 00:03:44]} Be7 {[%clk 01:15:11]} {[%emt 00:02:34]}
11. Qe2 {[%clk 01:04:39]} {[%emt 00:01:58]} Nd5 {[%clk 01:05:36]} {[%emt
00:10:04]} 12. Nxd5 {[%clk 00:56:27]} {[%emt 00:08:42]} cxd5 {[%clk 01:05:16]}
{[%emt 00:00:50]} 13. Bb5+ {[%clk 00:55:35]} {[%emt 00:01:22]} Nc6 {[%clk
01:01:44]} {[%emt 00:04:02]} 14. Qg4 {[%clk 00:49:42]} {[%emt 00:06:23]} Bg6
{[%clk 00:56:59]} {[%emt 00:05:14]} 15. Rxe6 {[%clk 00:43:24]} {[%emt
00:06:49]} fxe6 {[%clk 00:52:19]} {[%emt 00:05:10]} 16. Qxg6+ {[%clk 00:43:13]}
{[%emt 00:00:41]} Kf8 {[%clk 00:47:05]} {[%emt 00:05:43]} 17. Bxc6 {[%clk
00:38:24]} {[%emt 00:05:20]} bxc6 {[%clk 00:45:32]} {[%emt 00:02:03]} 18. Bf4
{[%clk 00:32:13]} {[%emt 00:06:41]} Bf6 {[%clk 00:37:46]} {[%emt 00:08:15]} 19.
Re1 {[%clk 00:25:51]} {[%emt 00:06:54]} Qe7 {[%clk 00:33:40]} {[%emt 00:04:35]}
20. Nh5 {[%clk 00:16:19]} {[%emt 00:10:01]} Re8 {[%clk 00:22:40]} {[%emt
00:11:31]} 21. Bd6 {[%clk 00:10:50]} {[%emt 00:06:00]} Qxd6 {[%clk 00:23:06]}
{[%emt 00:00:02]} 22. Nxf6 {[%clk 00:10:52]} {[%emt 00:00:29]} Rb8 {[%clk
00:15:06]} {[%emt 00:08:29]} 23. Nh7+ {[%clk 00:07:07]} {[%emt 00:04:16]} Rxh7
{[%clk 00:11:53]} {[%emt 00:03:43]} 24. Qxh7 {[%clk 00:06:54]} {[%emt
00:00:43]} Rxb2 {[%clk 00:11:53]} {[%emt 00:00:31]} 25. g3 {[%clk 00:06:21]}
{[%emt 00:01:03]} Rxa2 {[%clk 00:11:04]} {[%emt 00:01:18]} 26. Re3 {[%clk
00:06:18]} {[%emt 00:00:33]} Ra3 {[%clk 00:10:06]} {[%emt 00:01:28]} 27. c3
{[%clk 00:05:49]} {[%emt 00:00:59]} Qe7 {[%clk 00:07:43]} {[%emt 00:02:52]} 28.
Rf3+ {[%clk 00:03:57]} {[%emt 00:02:20]} Ke8 {[%clk 00:07:22]} {[%emt
00:00:53]} 29. Qg8+ {[%clk 00:04:17]} {[%emt 00:00:09]} Kd7 {[%clk 00:06:52]}
{[%emt 00:01:01]} 30. Rf7 {[%clk 00:04:35]} {[%emt 00:00:12]} Rxc3 {[%clk
00:06:51]} {[%emt 00:00:31]} 31. Rxe7+ {[%clk 00:04:56]} {[%emt 00:00:09]} Kxe7
{[%clk 00:07:18]} {[%emt 00:00:04]} 32. Qxg7+ {[%clk 00:05:16]} {[%emt
00:00:09]} Kd6 {[%clk 00:07:31]} {[%emt 00:00:16]} 33. Qxa7 {[%clk 00:05:31]}
{[%emt 00:00:16]} Rb3 {[%clk 00:05:54]} {[%emt 00:02:07]} 34. Qc5+ {[%clk
00:05:28]} {[%emt 00:00:33]} Kd7 {[%clk 00:05:47]} {[%emt 00:00:37]} 35. h4
{[%clk 00:05:24]} {[%emt 00:00:33]} Rb5 {[%clk 00:05:51]} {[%emt 00:00:25]} 36.
Qa7+ {[%clk 00:05:26]} {[%emt 00:00:30]} Kd6 {[%clk 00:06:10]} {[%emt
00:00:11]} 37. g4 {[%clk 00:05:25]} {[%emt 00:00:31]} e5 {[%clk 00:05:56]}
{[%emt 00:00:43]} 38. g5 {[%clk 00:05:13]} {[%emt 00:00:42]} exd4 {[%clk
00:05:49]} {[%emt 00:00:37]} 39. Qxd4 {[%clk 00:05:05]} {[%emt 00:00:38]} hxg5
{[%clk 00:06:13]} {[%emt 00:00:07]} 40. hxg5 {[%clk 00:04:57]} {[%emt
00:00:37]} Rb8 {[%clk 00:05:15]} {[%emt 00:01:27]} 41. Qf4+ {[%clk 00:03:52]}
{[%emt 00:01:37]} 1-0

[Event "ODJM C 2023"]
[Site "Willingen GER"]
[Date "2023.06.01"]
[Round "7"]
[White "Gyácsok, Dzvinka"]
[Black "Börner, Eric"]
[Result "1/2-1/2"]
[Termination "normal"]
[Board "12"]
[WhiteElo "1208"]
[BlackElo "1287"]
[WhiteClock "00:20:33"]
[BlackClock "00:54:39"]
[PlyCount "131"]
[WhiteFideId "16298292"]
[BlackFideId "34608362"]
[EventCountry "GER"]
[EventRounds "9"]
[EventType "swiss"]
[EventDate "2023.05.27"]

1. e4 {[%clk 01:30:58]} {[%emt 00:00:01]} e5 {[%clk 01:30:55]} {[%emt
00:00:05]} 2. Nf3 {[%clk 01:31:22]} {[%emt 00:00:07]} Nc6 {[%clk 01:31:19]}
{[%emt 00:00:05]} 3. Bc4 {[%clk 01:31:41]} {[%emt 00:00:11]} Nf6 {[%clk
01:30:32]} {[%emt 00:01:16]} 4. Ng5 {[%clk 01:31:22]} {[%emt 00:00:50]} d5
{[%clk 01:29:54]} {[%emt 00:01:08]} 5. exd5 {[%clk 01:29:44]} {[%emt 00:02:09]}
b5 {[%clk 01:28:32]} {[%emt 00:01:52]} 6. Bxb5 {[%clk 01:17:39]} {[%emt
00:12:35]} Qxd5 {[%clk 01:28:52]} {[%emt 00:00:09]} 7. Bxc6+ {[%clk 01:17:05]}
{[%emt 00:01:05]} Qxc6 {[%clk 01:29:15]} {[%emt 00:00:07]} 8. O-O {[%clk
01:11:17]} {[%emt 00:06:17]} Bb7 {[%clk 01:25:08]} {[%emt 00:04:37]} 9. Nf3
{[%clk 01:07:07]} {[%emt 00:04:39]} O-O-O {[%clk 01:19:58]} {[%emt 00:05:40]}
10. Nc3 {[%clk 01:03:05]} {[%emt 00:04:33]} Bc5 {[%clk 01:20:10]} {[%emt
00:00:18]} 11. Qe2 {[%clk 01:00:07]} {[%emt 00:03:28]} Rhe8 {[%clk 01:18:11]}
{[%emt 00:02:28]} 12. Ne1 {[%clk 00:53:55]} {[%emt 00:06:42]} Ba6 {[%clk
01:16:17]} {[%emt 00:02:26]} 13. d3 {[%clk 00:51:26]} {[%emt 00:02:59]} e4
{[%clk 01:16:32]} {[%emt 00:00:15]} 14. Qd1 {[%clk 00:47:27]} {[%emt 00:04:29]}
h6 {[%clk 00:54:51]} {[%emt 00:22:11]} 15. a3 {[%clk 00:36:53]} {[%emt
00:11:04]} Bb7 {[%clk 00:53:08]} {[%emt 00:02:12]} 16. Ne2 {[%clk 00:31:05]}
{[%emt 00:06:17]} Re5 {[%clk 00:48:36]} {[%emt 00:05:03]} 17. d4 {[%clk
00:20:12]} {[%emt 00:11:24]} Bb6 {[%clk 00:40:05]} {[%emt 00:09:00]} 18. c3
{[%clk 00:18:08]} {[%emt 00:02:34]} Ng4 {[%clk 00:39:29]} {[%emt 00:01:05]} 19.
Nf4 {[%clk 00:14:44]} {[%emt 00:03:54]} Ba6 {[%clk 00:38:55]} {[%emt 00:01:05]}
20. Qxg4+ {[%clk 00:14:28]} {[%emt 00:00:45]} f5 {[%clk 00:35:51]} {[%emt
00:03:34]} 21. Qh5 {[%clk 00:09:22]} {[%emt 00:05:37]} Qc4 {[%clk 00:35:54]}
{[%emt 00:00:28]} 22. Ne2 {[%clk 00:07:17]} {[%emt 00:02:34]} Qxe2 {[%clk
00:36:07]} {[%emt 00:00:17]} 23. Qxe2 {[%clk 00:07:33]} {[%emt 00:00:13]} Bxe2
{[%clk 00:36:35]} {[%emt 00:00:03]} 24. dxe5 {[%clk 00:07:45]} {[%emt
00:00:18]} Rd1 {[%clk 00:36:37]} {[%emt 00:00:29]} 25. b4 {[%clk 00:06:41]}
{[%emt 00:01:34]} e3 {[%clk 00:36:04]} {[%emt 00:01:02]} 26. f3 {[%clk
00:05:35]} {[%emt 00:01:36]} Bc4 {[%clk 00:35:33]} {[%emt 00:01:01]} 27. Bb2
{[%clk 00:03:02]} {[%emt 00:03:04]} e2+ {[%clk 00:34:56]} {[%emt 00:01:06]} 28.
Rf2 {[%clk 00:03:27]} {[%emt 00:00:05]} Be3 {[%clk 00:34:36]} {[%emt 00:00:51]}
29. e6 {[%clk 00:02:09]} {[%emt 00:01:47]} Kd8 {[%clk 00:34:53]} {[%emt
00:00:13]} 30. g3 {[%clk 00:02:03]} {[%emt 00:00:36]} Bd2 {[%clk 00:33:03]}
{[%emt 00:02:20]} 31. e7+ {[%clk 00:01:51]} {[%emt 00:00:43]} Kxe7 {[%clk
00:33:25]} {[%emt 00:00:08]} 32. Rxe2+ {[%emt 00:00:33]} Bxe2 {[%clk 00:33:43]}
{[%emt 00:00:10]} 33. Rxd1 {[%clk 00:01:41]} {[%emt 00:00:38]} Bxd1 {[%clk
00:34:07]} {[%emt 00:00:06]} 34. Kf2 {[%clk 00:01:53]} {[%emt 00:00:17]} Ke6
{[%clk 00:33:39]} {[%emt 00:00:59]} 35. f4 {[%clk 00:01:47]} {[%emt 00:00:36]}
Kd5 {[%clk 00:34:00]} {[%emt 00:00:10]} 36. c4+ {[%clk 00:01:53]} {[%emt
00:00:24]} Kxc4 {[%clk 00:31:35]} {[%emt 00:02:54]} 37. Bxg7 {[%clk 00:01:57]}
{[%emt 00:00:26]} Kb3 {[%emt 00:00:16]} 38. Bxh6 {[%clk 00:01:50]} {[%emt
00:00:30]} Kxa3 {[%clk 00:32:21]} {[%emt 00:00:05]} 39. Nd3 {[%clk 00:01:53]}
{[%emt 00:00:26]} Bxb4 {[%clk 00:32:05]} {[%emt 00:00:46]} 40. Nxb4 {[%clk
00:02:02]} {[%emt 00:00:23]} Kxb4 {[%clk 00:32:27]} {[%emt 00:00:08]} 41. Bf8+
{[%clk 00:02:11]} {[%emt 00:00:19]} Kb5 {[%clk 00:32:50]} {[%emt 00:00:08]} 42.
h4 {[%clk 00:02:08]} {[%emt 00:00:32]} c5 {[%clk 00:33:10]} {[%emt 00:00:12]}
43. Ke3 {[%clk 00:02:07]} {[%emt 00:00:29]} Kc4 {[%clk 00:32:19]} {[%emt
00:01:22]} 44. Bd6 {[%clk 00:01:19]} {[%emt 00:01:14]} a5 {[%clk 00:32:40]}
{[%emt 00:00:14]} 45. Kd2 {[%clk 00:01:21]} {[%emt 00:00:26]} Bg4 {[%clk
00:33:02]} {[%emt 00:00:09]} 46. Be5 {[%clk 00:01:06]} {[%emt 00:00:44]} Kb3
{[%clk 00:32:57]} {[%emt 00:00:36]} 47. Kc1 {[%clk 00:00:33]} {[%emt 00:01:03]}
c4 {[%clk 00:33:21]} {[%emt 00:00:05]} 48. Kb1 {[%clk 00:28:30]} {[%emt
00:02:27]} c3 {[%clk 01:00:26]} {[%emt 00:03:32]} 49. Bd4 {[%clk 00:28:19]}
{[%emt 00:00:39]} a4 {[%clk 01:00:27]} {[%emt 00:00:30]} 50. Be5 {[%clk
00:27:11]} {[%emt 00:01:35]} a3 {[%clk 00:59:44]} {[%emt 00:01:16]} 51. Bd4
{[%clk 00:27:29]} {[%emt 00:00:11]} a2+ {[%clk 00:59:52]} {[%emt 00:00:23]} 52.
Ka1 {[%clk 00:27:12]} {[%emt 00:00:46]} Kc4 {[%clk 00:59:05]} {[%emt 00:01:18]}
53. Be3 {[%clk 00:27:00]} {[%emt 00:00:41]} Kd3 {[%clk 00:59:28]} {[%emt
00:00:07]} 54. Bc1 {[%clk 00:27:08]} {[%emt 00:00:22]} Kc2 {[%clk 00:58:59]}
{[%emt 00:01:01]} 55. Be3 {[%clk 00:26:27]} {[%emt 00:01:09]} Kb3 {[%clk
00:59:27]} {[%emt 00:00:03]} 56. Bc1 {[%clk 00:26:33]} {[%emt 00:00:24]} Bh5
{[%clk 00:59:43]} {[%emt 00:00:14]} 57. Be3 {[%clk 00:26:22]} {[%emt 00:00:40]}
Bf7 {[%clk 01:00:05]} {[%emt 00:00:09]} 58. Bc1 {[%clk 00:25:31]} {[%emt
00:01:20]} Kc2 {[%clk 01:00:17]} {[%emt 00:00:19]} 59. Be3 {[%clk 00:25:42]}
{[%emt 00:00:18]} Kd1 {[%clk 01:00:41]} {[%emt 00:00:07]} 60. h5 {[%clk
00:25:24]} {[%emt 00:00:49]} c2 {[%clk 00:53:45]} {[%emt 00:07:26]} 61. h6
{[%clk 00:24:46]} {[%emt 00:01:07]} Bg6 {[%clk 00:54:08]} {[%emt 00:00:07]} 62.
Kxa2 {[%clk 00:19:41]} {[%emt 00:05:34]} c1=Q {[%clk 00:53:29]} {[%emt
00:01:10]} 63. Bxc1 {[%clk 00:19:51]} {[%emt 00:00:19]} Kxc1 {[%clk 00:53:54]}
{[%emt 00:00:06]} 64. Kb3 {[%clk 00:20:10]} {[%emt 00:00:11]} Kd2 {[%clk
00:54:15]} {[%emt 00:00:10]} 65. Kc4 {[%clk 00:20:33]} {[%emt 00:00:06]} Ke3
{[%clk 00:54:39]} {[%emt 00:00:05]} 66. Kd5 {[%clk 00:20:33]} {[%emt 00:00:30]}
1/2-1/2

[Event "ODJM C 2023"]
[Site "Willingen GER"]
[Date "2023.06.01"]
[Round "7"]
[White "Kunst, Jannis"]
[Black "Kühne, Malin"]
[Result "1/2-1/2"]
[Termination "normal"]
[Board "13"]
[WhiteElo "1364"]
[BlackElo "1162"]
[WhiteClock "00:51:01"]
[BlackClock "00:41:27"]
[PlyCount "53"]
[WhiteFideId "16299710"]
[BlackFideId "34619747"]
[EventCountry "GER"]
[EventRounds "9"]
[EventType "swiss"]
[EventDate "2023.05.27"]

1. d4 {[%clk 01:30:59]} {[%emt 00:00:01]} d5 {[%clk 01:30:55]} {[%emt
00:00:06]} 2. c4 {[%clk 01:31:27]} {[%emt 00:00:01]} e6 {[%clk 01:31:20]}
{[%emt 00:00:05]} 3. Nc3 {[%clk 01:31:52]} {[%emt 00:00:05]} Nf6 {[%clk
01:31:45]} {[%emt 00:00:05]} 4. Bg5 {[%clk 01:32:17]} {[%emt 00:00:05]} Be7
{[%clk 01:32:00]} {[%emt 00:00:15]} 5. Nf3 {[%clk 01:32:38]} {[%emt 00:00:09]}
b6 {[%clk 01:31:57]} {[%emt 00:00:33]} 6. e3 {[%clk 01:32:53]} {[%emt
00:00:15]} Bb7 {[%clk 01:32:06]} {[%emt 00:00:21]} 7. Rc1 {[%clk 01:33:07]}
{[%emt 00:00:16]} O-O {[%clk 01:31:57]} {[%emt 00:00:39]} 8. Bd3 {[%clk
01:33:29]} {[%emt 00:00:09]} dxc4 {[%clk 01:32:17]} {[%emt 00:00:09]} 9. Bxc4
{[%clk 01:33:57]} {[%emt 00:00:01]} Nbd7 {[%clk 01:32:00]} {[%emt 00:00:47]}
10. O-O {[%clk 01:34:08]} {[%emt 00:00:19]} c5 {[%clk 01:31:29]} {[%emt
00:01:02]} 11. Be2 {[%clk 01:31:58]} {[%emt 00:02:41]} Nd5 {[%clk 01:23:17]}
{[%emt 00:08:42]} 12. Bxe7 {[%clk 01:31:10]} {[%emt 00:01:18]} Qxe7 {[%clk
01:23:15]} {[%emt 00:00:32]} 13. Nxd5 {[%clk 01:23:43]} {[%emt 00:07:57]} Bxd5
{[%clk 01:22:39]} {[%emt 00:01:06]} 14. Bc4 {[%clk 01:20:54]} {[%emt 00:03:19]}
Bb7 {[%clk 01:19:53]} {[%emt 00:03:16]} 15. Qe2 {[%clk 01:20:07]} {[%emt
00:01:17]} Rac8 {[%clk 01:12:52]} {[%emt 00:07:31]} 16. Rfd1 {[%clk 01:18:32]}
{[%emt 00:02:06]} Rfd8 {[%clk 01:11:27]} {[%emt 00:01:53]} 17. Ba6 {[%clk
01:13:06]} {[%emt 00:05:56]} Bxa6 {[%clk 01:08:30]} {[%emt 00:03:27]} 18. Qxa6
{[%clk 01:13:34]} {[%emt 00:00:02]} Rc7 {[%clk 01:08:05]} {[%emt 00:00:55]} 19.
Qa3 {[%clk 01:01:12]} {[%emt 00:12:52]} Qf8 {[%clk 01:03:49]} {[%emt 00:04:46]}
20. d5 {[%clk 00:56:24]} {[%emt 00:05:19]} exd5 {[%clk 01:01:34]} {[%emt
00:02:44]} 21. Rxd5 {[%clk 00:56:27]} {[%emt 00:00:27]} Nf6 {[%clk 01:01:30]}
{[%emt 00:00:34]} 22. Rdd1 {[%clk 00:55:29]} {[%emt 00:01:29]} Rcd7 {[%clk
00:59:55]} {[%emt 00:02:05]} 23. Qa4 {[%clk 00:53:40]} {[%emt 00:02:18]} b5
{[%clk 00:53:33]} {[%emt 00:06:53]} 24. Qc2 {[%clk 00:54:05]} {[%emt 00:00:06]}
c4 {[%clk 00:51:16]} {[%emt 00:02:47]} 25. Nd4 {[%clk 00:52:39]} {[%emt
00:01:55]} a6 {[%clk 00:47:41]} {[%emt 00:04:05]} 26. a4 {[%clk 00:51:31]}
{[%emt 00:01:37]} Qb4 {[%clk 00:41:27]} {[%emt 00:06:45]} 27. axb5 {[%clk
00:51:01]} {[%emt 00:01:00]} 1/2-1/2

[Event "ODJM C 2023"]
[Site "Willingen GER"]
[Date "2023.06.01"]
[Round "7"]
[White "Weidenhöfer, Ben"]
[Black "Wilke, Ronja"]
[Result "0-1"]
[Termination "normal"]
[Board "14"]
[WhiteElo "1180"]
[BlackElo "1145"]
[WhiteClock "00:01:38"]
[BlackClock "01:03:33"]
[PlyCount "122"]
[WhiteFideId "16273702"]
[BlackFideId "16288378"]
[EventCountry "GER"]
[EventRounds "9"]
[EventType "swiss"]
[EventDate "2023.05.27"]

{[%evp 0,90,19,31,14,14,13,-27,-27,-15,-19,-7,5,-6,-3,-23,-32,-26,-14,-83,-55,
-57,-57,-50,-65,-120,-85,-111,0,0,63,67,130,102,346,349,400,372,372,347,397,
336,471,317,419,326,372,391,377,-34,108,-47,-14,-497,-461,-497,-239,-327,-302,
-309,-298,-292,-306,-401,-422,-412,-363,-377,-296,-310,231,237,249,232,308,284,
325,217,198,145,130,57,63,-394,-423,-519,-536,-546,-484,-503,-507,-515,-471]}
1. d4 {[%emt 0:00:02]} Nf6 {[%emt 0:00:09]} 2. e3 {[%emt 0:00:22]} g6 {[%emt
0:00:11]} 3. f4 {[%emt 0:00:23]} Bg7 {[%emt 0:00:17]} 4. Bd3 {[%emt 0:00:56]}
d6 {[%emt 0:00:25]} 5. Nf3 {[%emt 0:01:12]} O-O {[%emt 0:00:15]} 6. O-O {[%emt
0:00:55]} c5 {[%emt 0:00:13]} 7. c3 {[%emt 0:00:11]} Nc6 {[%emt 0:00:18]} 8.
Nbd2 {[%emt 0:17:13]} cxd4 {[%emt 0:01:28]} 9. cxd4 {[%emt 0:01:48]} e5 {[%emt
0:00:18]} 10. fxe5 {[%emt 0:21:24]} dxe5 {[%emt 0:00:15]} 11. Qa4 {[%emt
0:01:46]} a6 {[%emt 0:04:34]} 12. Re1 {[%emt 0:03:52]} exd4 {[%emt 0:01:41]}
13. exd4 {[%emt 0:02:27]} b5 {[%emt 0:00:40]} 14. Bxb5 {[%emt 0:02:24]} Ne7
{[%emt 0:05:07]} 15. Bd3 {[%emt 0:23:21]} Bb7 {[%emt 0:03:46]} 16. Qb4 {[%emt
0:02:35]} Rb8 {[%emt 0:00:34]} 17. Qxe7 {[%emt 0:03:32]} Qd5 {[%emt 0:02:27]}
18. Bc4 {[%emt 0:04:49]} Qc6 {[%emt 0:01:08]} 19. Qe3 {[%emt 0:05:17]} Qc7
{[%emt 0:01:30]} 20. Qf2 {[%emt 0:01:59]} Rfd8 {[%emt 0:01:16]} 21. Ng5 {[%emt
0:02:31]} Rf8 {[%emt 0:00:49]} 22. Qh4 {[%emt 0:00:33]} Nh5 {[%emt 0:00:44]}
23. Rf1 {[%emt 0:00:46]} Bf6 {[%emt 0:01:48]} 24. Nde4 {[%emt 0:01:38]} Bxe4
{[%emt 0:03:04]} 25. Qxe4 {[%emt 0:01:00]} Qxc4 {[%emt 0:00:53]} 26. Qh4 {[%emt
0:00:32]} Bxd4+ {[%emt 0:00:57]} 27. Rf2 {[%emt 0:00:32]} Qc5 {[%emt 0:02:41]}
28. g4 {[%emt 0:00:29]} Bxf2+ {[%emt 0:00:21]} 29. Qxf2 {[%emt 0:00:08]} Qxf2+
{[%emt 0:00:20]} 30. Kxf2 {[%emt 0:00:04]} Nf6 {[%emt 0:00:23]} 31. Bf4 {[%emt
0:00:19]} Rxb2+ {[%emt 0:00:18]} 32. Kf3 {[%emt 0:00:21]} h6 {[%emt 0:00:52]}
33. Nh3 {[%emt 0:01:05]} g5 {[%emt 0:01:21]} 34. Be5 {[%emt 0:00:36]} Nd7
{[%emt 0:00:37]} 35. Bxb2 {[%emt 0:00:07]} Rc8 {[%emt 0:01:03]} 36. Rc1 {[%emt
0:01:07]} Rb8 {[%emt 0:01:54]} 37. Rc2 {[%emt 0:00:51]} a5 {[%emt 0:00:39]} 38.
a4 {[%emt 0:00:36]} Rb3+ {[%emt 0:00:44]} 39. Bc3 {[%emt 0:00:29]} Ne5+ {[%emt
0:00:36]} 40. Kg2 {[%emt 0:00:31]} Nxg4 {[%emt 0:00:36]} 41. Bxa5 {[%emt
0:00:05]} Ne3+ {[%emt 0:00:14]} 42. Kg3 {[%emt 0:00:33]} Nxc2+ {[%emt 0:00:12]}
43. Kg4 {[%emt 0:00:09]} h5+ {[%emt 0:00:23]} 44. Kxh5 {[%emt 0:00:37]} Rxh3+
{[%emt 0:00:08]} 45. Kxg5 {[%emt 0:00:05]} Kg7 {[%emt 0:00:28] es folgte nun
regelwidrig Lg1, daher Abwartezug eingefügt} 46. Bb6 Z0 47. Bg1 Ra3 48. h4 Rxa4
49. h5 f6+ 50. Kf5 Nd4+ 51. Bxd4 Rxd4 52. h6+ Kxh6 53. Kxf6 Re4 54. Kf5 Re2 55.
Kf4 Kg6 56. Kf3 Re5 57. Kf4 Kf6 58. Kf3 Kf5 59. Kf2 Kf4 60. Kg2 Re3 61. Kf2 Re4
0-1